000 00614nam a2200241Ia 4500
003 OSt
005 20221005101715.0
006 a|||||r|||| 00| 0
007 ta
008 221004b |||||||| |||| 00| 0 eng d
024 _a16532
037 _cTextual
040 _aCRL
_cCRL
_beng
041 _2eng
_aeng
082 _aV212,1.J, L5
100 _aKurup K K N
245 0 _aAli Rajas of Cannanore
260 _aTrivandrum
_bCollege Book House India
_c1975
300 _a132p..
_ccm.
650 _aHISTORY
942 _hV212,1.J, L5
_cTEXL
_2cc
999 _c1007244
_d1007244